Quizzes
Events
Quiz Creation
Community
Videos
Private Events
Remove Ads
Sign In
Join for FREE
Feedback
Dark Mode
Quiz Categories
Sports
Geography
Music
Movies
Television
Just For Fun
Miscellaneous
History
Literature
Language
Science
Gaming
Entertainment
Religion
Holiday
For Kids
Quiz Lab
Recent
Popular Today
Quiz Kudos Today
Editor Picks
Curator Picks
Quizzes by...
Day
Popularity
Type
Ratings
Length
Year
Community
Subscriptions
Recent Discussions
Orange Saloon
Badges
Playlists
Quests
Create
Leaderboards
Showdown
Live 5
Trivia Bingo
Activity
Puzzle Library
Sporcle Events
Private Events
Virtual Trivia
Globe League
Become a Host
Pub Owners
SporcleCon
Opinionation
Our Games
Videos
Blog
Mobile Apps
Partnerships
Remove Ads and Go Orange
Feedback
Sports
Athletes
MLB
NBA
NHL
NFL
Soccer
Sports Teams
WWE
NCAA
Football
Premier League
Basketball
Baseball
Hockey
Golf
Tennis
Cricket
Rugby
Auto Racing
Olympics
World Cup
Sports
Athletes
MLB
NBA
NHL
NFL
Soccer
Sports Teams
WWE
NCAA
Football
Premier League
Basketball
Baseball
Hockey
Golf
Tennis
Cricket
Rugby
Auto Racing
Olympics
World Cup
Random Quiz
Search Sporcle
×
Quiz Lab
Quiz Lab
Sports
College
Type in answers that appear in a list
Type in answers that appear in a list
Classic
Best Score? Go Orange.
NFL Alma Maters pt. 2 Stats
Can you name the college each player attended?
By
bkav24
8m
40 Questions
438 Plays
438 Plays
438 Plays
Comments
Comments
Give Quiz Kudos
Give Quiz Kudos
-
- Ratings
hide this ad
Forced Order
Answers have to be entered in order
Answers have to be entered in order
Replay
Link that replays current quiz
Next Quiz
Link to next quiz in quiz playlist
You Got
0%
They Got
Avg Score
33%
Avg Friend Score
Upgrade to see
Score Distribution
Jump to the score distribution portion of the page
Score
0/40
Timer
08:00
0
Plays Today
Player
College
% Correct
Brett Favre
Southern Mississippi
84%
Darren Sproles
Kansas State
75.3%
Steve Young
BYU
73.2%
Kordell Stewart
Colorado
68.4%
Bob Sanders
Iowa
64.1%
Marvin Harrison
Syracuse
63.4%
Marshall Faulk
San Diego State
59.3%
Willie Parker
North Carolina
52.2%
Roddy White
UAB
51%
Lawrence Taylor
North Carolina
49.2%
Richard Seymour
Georgia
44.6%
Nnamdi Asomugha
Cal
44.4%
Osi Umenyiora
Troy
38.9%
Terrell Davis
Georgia
37.8%
James Harrison
Kent State
37.1%
Jared Allen
Idaho State
35.7%
Ahmad Bradshaw
Marshall
35%
Mark Brunell
Washington
32.5%
Jason Taylor
Akron
31.4%
Brian Dawkins
Clemson
30.9%
Player
College
% Correct
Ricky Watters
Notre Dame
29.7%
Chris Cooley
Utah State
23.3%
Darren Sharper
William and Mary
23.3%
Owen Daniels
Wisconsin
23.1%
Asante Samuel
Central Florida
22.7%
Derrick Thomas
Alabama
22%
Joey Porter
Colorado State
19.9%
Rod Woodson
Purdue
16.9%
Michael Strahan
Texas Southern
16.5%
Ed McCaffrey
Stanford
16.2%
Dan Fouts
Oregon
16.2%
Jack Ham
Penn State
15.3%
Shannon Sharpe
Savannah State
14%
Adrian Wilson
North Carolina State
13.5%
Isaac Bruce
Memphis
13.5%
Neil O'Donnell
Maryland
12.4%
Cortland Finnegan
Samford
12.1%
Adewale Ogunleye
Indiana
11.2%
Jamal Anderson
Utah
8.9%
Dante Hall
Texas A and M
3.9%
Quiz Playlist
Details
Report
Send in Message
Add To Playlist
Classic:
Type in answers that appear in a list
Forced Order:
Answers have to be entered in order
Last Updated: Feb 16, 2017
Quiz Scoreboard
CHALLENGE
Sign Up to Join the Scoreboard
Show All
Scores
Hide
Comments
May contain spoilers
Recently Published
Movies - When Are They Set?
by FPL_Elf
Movies
5m
Popular People in 1961
by mucciniale
History
6m
1-10 Letter E Words III
by El_Dandy
Language
2m
More to Explore
Quiz From the Vault
Featured Blog Post
Where Did the Easter Bunny Come From?
hide this ad
You Might Also Like...
Tags
College Quiz
NFL Quiz
Alma Maters
Attended
Mater
Player
Today's Top Quizzes in Sports
Browse Sports
hide this ad
Today's Top Quizzes in College
Browse College
Top Contributed Quizzes in Sports
1
Les meilleurs buteurs des matchs entre le PSG et l’OM
2
FIFA Club World Cup Champions
3
Les entraîneurs de l'OM et du PSG au 21e siècle
4
2022 World Cup Stars
5
Name the Premier League winners with different clubs
6
La finale Lions - Afrique du Sud 2021
7
Criteria MLB: Left Handed Sluggers
8
Les joueurs passés par le LOSC et le RC Lens
9
Players with Multiple 50 Home Run Seasons
10
MLB Players with Two .350 Batting Average Seasons
Explore More
Trending Topics
Harry Potter
Anime
Marvel
Kpop
Crossword
NBA
Disney
Soccer
Puzzle
Pokémon
The Office
Country
WWE
Song
NFL
hide this ad
More By:
bkav24
Quiz
Plays
Rating
Category
Featured
Created
NFL Alma Maters pt. 2
438
2.00
Sports
Oct 11, 2009
Go to Creator's Profile
Score Distribution
Quiz Creator Spotlight
bkav24
Follow
Send a Message
Quizzes Created
-
Created Quiz Play Count
-
More By This Creator
Popular Quizzes Today
1
Find the US States - No Outlines Minefield
2
Find the Countries of Europe - No Outlines Minefield
3
The Countries of the World
4
Popular People in 1961
5
1-10 Letter E Words III
6
US States
7
Find the US States
8
One Thing in Common: World Cities II
More Sports Quizzes
Top XIs: Everton (1990s)
Quiz Lab
Trending Quizzes
Risky Map Clicking: Least Populous States A-Z
1-10 Letter F Words
Humor Books: The Subtitles
1-10 Letter G Words
One Thing in Common: United Kingdom
Recently Updated
Leaping Animals
pecheneg
Reality TV Shows (A-Z)
bhenderson79
Rickey Henderson's Hall of Fame Teammates
pecheneg
Champions League XIs: Arsenal
pecheneg
Quick Pick: Celebrities in WWE's Hall of Fame
aduchscher
A-Z Keypad Blitz II
pecheneg
Multiple Oscar Actors
pecheneg
Mystery Phrase Blitz: Oscar 'Best Actors'
pecheneg
F. Scott Fitzgerald Novels
LTH
Pick 3 Villains
ddd62291
Trending Topics
Disney
Kpop
NBA
Crossword
Harry Potter
Anime
Marvel
NFL
Song
WWE
Puzzle
Soccer
Country
The Office
Pokémon
Your Account Isn't Verified!
In order to create a playlist on Sporcle, you need to verify the email address you used during registration. Go to your
Sporcle Settings
to finish the process.
Report this User
Report this user for behavior that violates our
Community Guidelines
.
Details:
Send Report
Go to the Sporcle.com Mobile Site →
Comments